000 01203nam a2200337 i 4500
001 70337
003 Mx-PuUPA
005 20230913105951.0
008 230913s2023 enk |||fr|||| 00| 0 eng d
020 _a9781032150567
_qrústica
040 _aMx-PuUPA
_bspa
_cMx-PuUPA
_dMx-PuUPA
_erda
041 0 _aeng
100 1 _aDancyger, Ken,
_914835
_eautor
245 1 0 _aAlternative scriptwriting :
_bcontemporary storytelling for the screen /
_cKen Dancyger, Jessie Keyt, and Jeff Rush
250 _aSixth edition
264 1 _aOxon, OX :
_bRoutledge,
_c©2023
300 _axiv, 427 páginas ;
_c24 cm
336 _2rdacontent
_atexto
_btxt
337 _2rdamedia
_asin medio
_bn
338 _2rdacarrier
_avolumen
_bnc
650 7 _2armarc
_aEscritura creativa
650 7 _2armarc
_aArte de escribir para el cine
650 7 _2armarc
_aCinematografía
_xTécnicas
650 7 _2armarc
_aAutoría cinematográfica
700 1 _aKeyt, Jessie,
_eautor
700 1 _aRush, Jeff,
_eautor
942 _2ddc
_cLI
_h808.23
_iD167
999 _c70337
_d70337